000 00435nam a22001697a 4500
003 MACL
005 20151004133222.0
008 151004b xxu||||| |||| 00| 0 eng d
040 _cMACL
041 _aEnglish
082 _a910/GIB
100 _aGibb H.A.R
_95405
245 _aIBN Battuta
_bTravels In Asia & Africa 1325-1354
260 _aNew Delhi
_bAsian Educational Services
_c1929
650 _aTravel
_913642
942 _2ddc
_cBK
999 _c50340
_d50340